|
|
|
|
| LEADER |
02651nam a22004935i 4500 |
| 001 |
978-1-4939-1109-7 |
| 003 |
DE-He213 |
| 005 |
20151204171354.0 |
| 007 |
cr nn 008mamaa |
| 008 |
140805s2014 xxu| s |||| 0|eng d |
| 020 |
|
|
|a 9781493911097
|9 978-1-4939-1109-7
|
| 024 |
7 |
|
|a 10.1007/978-1-4939-1109-7
|2 doi
|
| 040 |
|
|
|d GrThAP
|
| 050 |
|
4 |
|a RF1-547
|
| 072 |
|
7 |
|a MJP
|2 bicssc
|
| 072 |
|
7 |
|a MED066000
|2 bisacsh
|
| 082 |
0 |
4 |
|a 617.51
|2 23
|
| 100 |
1 |
|
|a Belafsky, Peter C.
|e author.
|
| 245 |
1 |
4 |
|a The Clinician's Guide to Swallowing Fluoroscopy
|h [electronic resource] /
|c by Peter C. Belafsky, Maggie A. Kuhn.
|
| 264 |
|
1 |
|a New York, NY :
|b Springer New York :
|b Imprint: Springer,
|c 2014.
|
| 300 |
|
|
|a VI, 126 p. 140 illus., 40 illus. in color.
|b online resource.
|
| 336 |
|
|
|a text
|b txt
|2 rdacontent
|
| 337 |
|
|
|a computer
|b c
|2 rdamedia
|
| 338 |
|
|
|a online resource
|b cr
|2 rdacarrier
|
| 347 |
|
|
|a text file
|b PDF
|2 rda
|
| 505 |
0 |
|
|a 1. Radiation Safety -- 2. The Videofluoroscopic Swallow Study Technique and Protocol -- 3. The Videofluoroscopic Esophagram Technique and Protocol -- 4. Normal Oral and Pharyngeal Phase Fluoroscopy -- 5. Normal Pharyngoesophageal Segment Fluoroscopy -- 6. Normal Esophageal Fluoroscopy -- 7. Objective Measures on Videofluoroscopic Swallow Studies -- 8. Fluoroscopy and Dysphagia Outcome Measures -- 9. Abnormal Oral and Pharyngeal Phase Fluoroscopy -- 10. Abnormal Pharyngoesophageal Segment Fluoroscopy -- 11. Abnormal Esophageal Fluoroscopy.
|
| 520 |
|
|
|a The Clinician’s Guide to Swallowing Fluoroscopy is a comprehensive resource for all dysphagia clinicians. This beautifully-illustrated text is intended for SLP, ENT, radiology, GI, and rehabilitation specialists interested in swallowing and addresses the need for an up-to-date, all-inclusive reference. Topics covered include radiation safety and protection, fluoroscopic oral, pharygeal, and esophageal phase protocols and abnormalities, and objective measures of timing and displacement.
|
| 650 |
|
0 |
|a Medicine.
|
| 650 |
|
0 |
|a Radiology.
|
| 650 |
|
0 |
|a Gastroenterology.
|
| 650 |
|
0 |
|a Otorhinolaryngology.
|
| 650 |
|
0 |
|a Otolaryngologic surgery.
|
| 650 |
1 |
4 |
|a Medicine & Public Health.
|
| 650 |
2 |
4 |
|a Otorhinolaryngology.
|
| 650 |
2 |
4 |
|a Head and Neck Surgery.
|
| 650 |
2 |
4 |
|a Imaging / Radiology.
|
| 650 |
2 |
4 |
|a Gastroenterology.
|
| 700 |
1 |
|
|a Kuhn, Maggie A.
|e author.
|
| 710 |
2 |
|
|a SpringerLink (Online service)
|
| 773 |
0 |
|
|t Springer eBooks
|
| 776 |
0 |
8 |
|i Printed edition:
|z 9781493911080
|
| 856 |
4 |
0 |
|u http://dx.doi.org/10.1007/978-1-4939-1109-7
|z Full Text via HEAL-Link
|
| 912 |
|
|
|a ZDB-2-SME
|
| 950 |
|
|
|a Medicine (Springer-11650)
|